| 000 | 00402nam a2200181Ia 4500 | ||
|---|---|---|---|
| 001 | 14859 | ||
| 005 | 20260306164945.0 | ||
| 008 | 260306t2008||||xx |||||||||||||| ||spa|| | ||
| 041 | _aESP | ||
| 082 |
_a519.5 _bC79 |
||
| 100 |
_aCórdova Zamora, Manuel _eAUT |
||
| 245 | 0 | _aEstadística aplicada | |
| 260 | _c2008 | ||
| 300 |
_a _c |
||
| 650 | _aGEN | ||
| 654 | _aCMA | ||
| 942 |
_cLIB _dJUS _fJUS _2ddc _n |
||
| 999 |
_c14859 _d14859 |
||